000 00465nam a2200205 4500
001 1928
003 0
005 20260409072653.0
008 0
020 _a987654321234
040 _c0
082 _2Second edition
_a020.RAN
100 _aSR Ranganathan
245 _aLibrary and society
250 _aSecond edition
260 _aHyderabad
_bBsr publication
_c2025
300 _b220.p
_g22cms
650 _2Library classification
942 _2ddc
_cBOOK
_n0
999 _c1928
_d1928